| 000 | 00391nam a2200169Ia 4500 | ||
|---|---|---|---|
| 008 | 221030s9999 xx 000 0 und d | ||
| 020 | _a8122415288 | ||
| 041 | _aEnglish | ||
| 082 | _a105.23 | ||
| 100 | _aS. L. Kakani | ||
| 245 | 0 | _aMaterial Science | |
| 260 |
_bNew Age International Pub _aNew Delhi _c2008 |
||
| 300 | _a640 | ||
| 650 | _aPhysics | ||
| 700 | _aA. Kakani | ||
| 942 | _cBK | ||
| 999 |
_c3258 _d3258 |
||